Fra Filippo Lippi : (Record no. 26531)

000 -LEADER
fixed length control field 01329cam a2200337 a 4500
001 - CONTROL NUMBER
control field 3500143
005 - DATE AND TIME OF LATEST TRANSACTION
control field 20170204150328.0
008 - FIXED-LENGTH DATA ELEMENTS--GENERAL INFORMATION
fixed length control field 930721s1993 enka bc 001 0deng
010 ## - LIBRARY OF CONGRESS CONTROL NUMBER
LC control number 94232676
015 ## - NATIONAL BIBLIOGRAPHY NUMBER
National bibliography number GB93-53589
020 ## - INTERNATIONAL STANDARD BOOK NUMBER
International Standard Book Number 0714823627 (Phaidon)
020 ## - INTERNATIONAL STANDARD BOOK NUMBER
International Standard Book Number 0810935686 (Abrams)
050 04 - LIBRARY OF CONGRESS CALL NUMBER
Classification number ND623 .L7R82 1993
082 00 - DEWEY DECIMAL CLASSIFICATION NUMBER
Classification number 759.5
Edition number 20
100 1# - MAIN ENTRY--PERSONAL NAME
Personal name Ruda, Jeffrey.
245 10 - TITLE STATEMENT
Title Fra Filippo Lippi :
Remainder of title life and work with a complete catalogue /
Statement of responsibility, etc. Jeffrey Ruda.
260 ## - PUBLICATION, DISTRIBUTION, ETC. (IMPRINT)
Place of publication, distribution, etc. London :
Name of publisher, distributor, etc. Phaidon Press ;
Place of publication, distribution, etc. New York :
Name of publisher, distributor, etc. Distributed in North America by H.N. Abrams,
Date of publication, distribution, etc. 1993.
300 ## - PHYSICAL DESCRIPTION
Extent 560 p. :
Other physical details ill. (some col.) ;
Dimensions 30 cm.
504 ## - BIBLIOGRAPHY, ETC. NOTE
Bibliography, etc Includes bibliographical references (p. 546-552) and indexes.
600 10 - SUBJECT ADDED ENTRY--PERSONAL NAME
Personal name Lippi, Filippo,
Dates associated with a name approximately 1406-1469
General subdivision Criticism and interpretation.
600 10 - SUBJECT ADDED ENTRY--PERSONAL NAME
Personal name Lippi, Filippo,
Dates associated with a name approximately 1406-1469
General subdivision Catalogues raisonnés.
700 1# - ADDED ENTRY--PERSONAL NAME
Personal name Lippi, Filippo,
Dates associated with a name approximately 1406-1469.
942 ## - ADDED ENTRY ELEMENTS (KOHA)
Source of classification or shelving scheme
Koha item type Hard Covered Materials
Holdings
Withdrawn status Lost status Source of classification or shelving scheme Damaged status Not for loan Home library Current library Shelving location Date acquired Source of acquisition Total Checkouts Full call number Barcode Date last seen Price effective from Koha item type
          MACHAKOS UNIVERSITY LIBRARY MACHAKOS UNIVERSITY LIBRARY Open shelf 04/02/2017 Donation(BFA)   ND623 .L7R82 1993 34227 04/02/2017 04/02/2017 Hard Covered Materials
© Machakos University Library, Along The Highway, Machakos Wote Rd, Machakos, Kenya P.O. Box 136 - 90100 Machakos - Kenya

Tel: ( +254 ) 723 805829 OR Fax : 044-20353 OR Email: library@mksu.ac.ke